01030nam a22002177a 45000010005000000030006000050050017000110080041000280200018000690400029000870500014001160820015001301000020001452450103001652600055002683000045003235200339003686500049007077000031007567000025007875774FISKH20250122150900.0250121b cb ||||| |||| 00| 0 eng d a9780521185165 aFISKHbengcFISKHdFISKH aPE1128.A2 a428.240712 aBrook-Hart, Guy aComplete IELTS Bands 5-6.5 teacher's book /cBy Guy Brook-Hart and Vanessa Jakeman with David Jay  aCambridge : bCambridge University Press ,c2012.  a101 pages : billustrations ; c28 cm .  aComplete IELTS combines the very best in contemporary classroom practice with stimulating topics aimed at young adults wanting to study at university. The Teacher's Book contains full teaching notes, answer keys and advice on exam tasks, and also provides extra photocopiable resources, including tests and activities to use in class. aNew Education Books Summer 2013vnon-fiction aJakeman, Vanessa eauthor  aJay, David eauthor